Sports Quiz

Random Sports or Rugby Quiz
Score 0/16 Timer 03:00
0 Plays Today
Name % Correct
Jonny Wilkinson
97.8%
Owen Farrel
90.1%
Toby Flood
79.3%
Charlie Hodgson
66.2%
Rob Andrew
65.7%
Andy Goode
60.2%
Paul Grayson
55.9%
Mike Catt
51.4%
Name % Correct
Freddie Burns
31.3%
Shane Geraghty
20.3%
Alex King
17.5%
Danny Cipriani
11%
Dave Walder
8.7%
David Pears
4%
Mark Mapletoft
3.7%
Tom Beim
3.2%

You're not logged in!

Compare scores with friends on all Sporcle quizzes.
OR
Log In

Sporcle TV

Today on Sporcle TV


Watch our educational content, quiz creation guides, and fun videos on Sporcle TV.

Show Comments

Extras

Top Quizzes Today


Score Distribution

Paid Content

Your Account Isn't Verified!

In order to create a playlist on Sporcle, you need to verify the email address you used during registration. Go to your Sporcle Settings to finish the process.

Report this User

Report this user for behavior that violates our Community Guidelines.

Details: